000 00729 a2200205 4500
010 _aENG-89727
020 _a9780195693553
_c745.00
035 _aEN-73260
037 _bDBAD / PUB
082 1 4 _a303.625
090 _c11563
_d11563
100 1 _aBalmiki Prasad Singh
245 1 _aBahudha and the post 9/11 world
_cby Balmiki Prasad Singh
260 _aNew Delhi
_bOxford University Press
_c2008
270 _aYMCA Library Building, Jai Singh Road
_bNew Delhi
_cDelhi
_e110001
300 _axxii, 370p.
_c22 cm (Hb)
500 _aIncludes bibliographical references and index
942 _adpl
_cEN
_k303.625 / BAL
999 _c11247
_d11247